Từ chiến trường khu 5 Nhật ký và ghi chép văn học
Salvato in:
| Natura: | Libro |
|---|---|
| Pubblicazione: |
H.
Văn học
2011
|
| Tags: |
Aggiungi Tag
Nessun Tag, puoi essere il primo ad aggiungerne! !
|
| Thư viện lưu trữ: | Mạng thư viện Đại học Đà Nẵng |
|---|
| LEADER | 00767nam a2200229 4500 | ||
|---|---|---|---|
| 001 | 000016089 | ||
| 003 | 12479 | ||
| 005 | 20150812150823.0 | ||
| 008 | 120719s2011 sd | ||
| 245 | 0 | 0 | |a Từ chiến trường khu 5 |b Nhật ký và ghi chép văn học |c Phan Tứ |
| 260 | |a H. |b Văn học |c 2011 | ||
| 774 | |a Phan Tứ |d Văn học |d H. |d 2011 |g quyển 1 |h 835 tr |w 12482 | ||
| 774 | |a Phan Tứ |d Văn học |d H. |d 2011 |g quyển 2 |h 979 tr |w 12484 | ||
| 774 | |a Phan Tứ |d Văn học |d H. |d 2011 |g quyển 3 |h 737 tr |o KD.016117, KD.016118 |w 12485 | ||
| OWN | |a LSP | ||
| 999 | |a From the UDN01 | ||
| TYP | |a Monograph | ||
| TYP | |a Printed language | ||
| 980 | |a Mạng thư viện Đại học Đà Nẵng | ||